000 01465cam a22004211a 4500
001 011935710
003 EG-ScBUE
005 20220322104344.0
008 030123s2003 nyucb f bd 000 1 eng d
020 _a0670030201
020 _a9780142437148
040 _aUk
_beng
_erda
_cUk
_dEG-ScBUE
041 1 _aeng
_hjpn
043 _aa-ja---
082 0 4 _a895.614
_bMUR
_222
100 0 _aMurasaki Shikibu,
_d978?-
_eauthor.
_938069
240 1 0 _aGenji monogatari.
_lEnglish
245 1 4 _aThe tale of Genji /
_cMurasaki Shikibu ; translated by Royall Tyler.
250 _aDeluxe edition.
264 1 _aNew York :
_bPenguin Books,
_c2003.
300 _axxix, 1182 pages :
_bmaps, portraits ;
_c24 cm.
336 _2rdacontent
_atext
_btxt
337 _2rdamedia
_aunmediated
_bn
338 _2rdacarrier
_avolume
_bnc
490 0 _aPenguin classics
490 0 _aUnabridged
500 _aFirst published in the United States of America by Viking Penguin.
500 _aIncludes glossary.
504 _aIncludes bibliographical references.
546 _aText in English ; translated from the original Japanese.
650 7 _aAristocracy (Social class)
_zJapan
_vFiction.
_2BUEsh
650 7 _aPrinces
_zJapan
_vFiction.
_2BUEsh
_940235
651 7 _aJapan
_xSocial life and customs
_y794-1185
_vFiction.
_2BUEsh
653 _cMay2015
_bHHUUEENN
655 _vReading book
_934232
700 1 _aTyler, Royall,
_d1936-
_etranslator.
942 _2ddc
_k895.614 MUR
_cBB
999 _c19365
_d19337